[Event "Championship Saratov region 2014"]
[Site "Saratov"]
[Date "2014.12.11"]
[Round "6.11"]
[White "Aseeva, Anastasia"]
[Black "Vdovin, Sergey"]
[Result "1-0"]
[WhiteElo "1983"]
[BlackElo "1792"]
[PlyCount "165"]
[EventDate "2014.12.06"]

1. d4 d5 2. Nf3 Nf6 3. c4 c6 4. e3 a6 5. Nc3 b5 6. b3 Bg4 7. Bd2 e6 8. Be2 Bd6
9. O-O O-O 10. Ne5 Bxe2 11. Qxe2 Nfd7 12. f4 b4 13. Na4 a5 14. Nb2 f6 15. Nf3
e5 16. cxd5 cxd5 17. Qb5 Kh8 18. Qxd5 Nb6 19. Qb5 e4 20. Ne1 Qc7 21. Rc1 Qd8
22. Nc4 Ra6 23. Nxa5 Na8 24. Nb7 Rb6 25. Nxd8 Rxb5 26. Nc6 Nb6 27. Nxb8 Rxb8
28. Rc6 Bf8 29. Nc2 Ra8 30. Ra1 Nd5 31. g4 g6 32. h4 Kg7 33. Kf2 Rb7 34. Ne1
Rba7 35. Rc2 Ra3 36. Rb2 Nc3 37. Nc2 Rxa2 38. Raxa2 Nxa2 39. Rb1 Rc8 40. Ne1
Rc7 41. Ra1 Nc3 42. Rc1 h5 43. gxh5 gxh5 44. Bxc3 bxc3 45. Nc2 Kg6 46. Rg1+ Kf5
47. d5 Bc5 48. b4 Bb6 49. b5 Ra7 50. Nb4 Ra4 51. Nc6 Ra2+ 52. Kg3 Kg6 53. f5+
Kf7 54. Kf4 Ra4 55. d6 c2 56. Rc1 Rc4 57. Nd4 Rc3 58. Kxe4 Ke8 59. Kd5 Kd7 60.
Ke4 Kxd6 61. Rxc2 Bxd4 62. Rd2 Rxe3+ 63. Kxd4 Re5 64. Kc4+ Kc7 65. Rd5 Re4+ 66.
Kc5 Rxh4 67. b6+ Kc8 68. Rd6 Rh1 69. Rxf6 h4 70. Rh6 h3 71. Kc6 Rc1+ 72. Kd6
Rd1+ 73. Ke6 Rb1 74. Rxh3 Rxb6+ 75. Kf7 Rd6 76. Re3 Rd1 77. f6 Kd7 78. Kf8 Rd2
79. f7 Rd1 80. Re7+ Kd8 81. Re8+ Kd7 82. Kg7 Rg1+ 83. Kh6 1-0

[Event "Championship Saratov region 2014"]
[Site "Saratov"]
[Date "2014.12.11"]
[Round "6.13"]
[White "Gagarkine, Nikolay"]
[Black "Upolovnev, Vladimir"]
[Result "1/2-1/2"]
[WhiteElo "1838"]
[BlackElo "1909"]
[PlyCount "201"]
[EventDate "2014.12.06"]

1. d4 Nf6 2. g3 e6 3. Bg2 d5 4. Nf3 b5 5. O-O Be7 6. a4 b4 7. c4 bxc3 8. bxc3
Ba6 9. Re1 O-O 10. Ne5 c5 11. c4 Qc7 12. Ba3 Nbd7 13. cxd5 exd5 14. Nxd7 Qxd7
15. dxc5 Rac8 16. e4 Bxc5 17. exd5 Rfd8 18. Bxc5 Rxc5 19. Qd4 Rc4 20. Qe3 h6
21. Na3 Rxa4 22. Qb3 Rd4 23. Nc2 Rd3 24. Qb2 Bc4 25. Bf1 Rb3 26. Qd4 Bxf1 27.
Rxf1 Qxd5 28. Qxd5 Rxd5 29. Rxa7 Rd2 30. Ne3 Ne4 31. Re7 Ng5 32. h4 Kf8 33. Nf5
Nf3+ 34. Kg2 g6 35. Re3 Rxe3 36. Nxe3 Ne5 37. h5 Kg7 38. hxg6 fxg6 39. Ra1 h5
40. Ra7+ Kf6 41. Ra6+ Ke7 42. Kg1 Kf7 43. Ra7+ Ke6 44. Ra6+ Kf7 45. Ra7+ Ke6
46. Ra8 Kf6 47. Rf8+ Kg7 48. Re8 Nf3+ 49. Kg2 Ng5 50. Re7+ Kf6 51. Re8 Kf7 52.
Re5 Kf6 53. Re8 Kf7 54. Rc8 Ne4 55. Rc2 Rxc2 56. Nxc2 Nd2 57. f3 Kf6 58. Ne3
Ke5 59. Kf2 g5 60. Ke2 Nb3 61. Nc4+ Kd4 62. Nd6 Nc5 63. Nf7 Ne6 64. Kf2 Kd3 65.
Nd6 Kd4 66. Kg2 Ke5 67. Nc4+ Kf6 68. Nd2 Kf5 69. Kf2 Nc5 70. Nc4 Nd3+ 71. Kg2
Ne5 72. Nd6+ Ke6 73. Ne4 Kf5 74. Nc5 g4 75. f4 Ng6 76. Nd3 Ke4 77. Nf2+ Kd4 78.
Kh2 Ne7 79. Kg2 Nf5 80. Nd1 Kd3 81. Kf2 Kd2 82. Nb2 Ne3 83. Na4 Nd1+ 84. Kf1
Ne3+ 85. Kf2 Nf5 86. Nc5 Kc3 87. Ne4+ Kd4 88. Nf6 Ng7 89. Ke2 Kc5 90. Ke3 Kd6
91. Ne4+ Ke6 92. Nc5+ Kf5 93. Ne4 Ke6 94. Ng5+ Kd5 95. Nf7 Nf5+ 96. Kf2 Ke6 97.
Ng5+ Kf6 98. Ne4+ Kg6 99. Kg2 Ne3+ 100. Kf2 Nf5 101. Kg2 1/2-1/2

[Event "Championship Saratov region 2014"]
[Site "Saratov"]
[Date "2014.12.11"]
[Round "6.14"]
[White "Kavyev, Emil"]
[Black "Kavyev, Ruslan"]
[Result "0-1"]
[WhiteElo "1714"]
[BlackElo "1854"]
[PlyCount "56"]
[EventDate "2014.12.06"]

1. e4 c5 2. c3 d5 3. Qa4+ Nc6 4. exd5 Qxd5 5. Nf3 Bg4 6. Be2 Nf6 7. O-O e5 8.
h3 Bd7 9. Bc4 Qd6 10. Re1 Be7 11. Na3 a6 12. Qc2 O-O 13. Be2 b5 14. b3 b4 15.
Nc4 Qc7 16. cxb4 e4 17. Nh2 Nxb4 18. Qb1 Bf5 19. g4 Bg6 20. Ne3 Nfd5 21. Nxd5
Nxd5 22. Bc4 Nf4 23. Re3 Bf6 24. Bb2 Bd4 25. Bxd4 cxd4 26. Re1 Nxh3+ 27. Kg2
Nxf2 28. Kxf2 e3+ 0-1

[Event "Championship Saratov region 2014"]
[Site "Saratov"]
[Date "2014.12.11"]
[Round "6.15"]
[White "Machkalyan, Karen"]
[Black "Stepanov, Nikolay"]
[Result "0-1"]
[WhiteElo "1769"]
[BlackElo "1602"]
[PlyCount "48"]
[EventDate "2014.12.06"]

1. e4 c5 2. Bc4 g6 3. Nc3 Bg7 4. d3 e6 5. Be3 d6 6. Qd2 Ne7 7. Nf3 Nbc6 8. Bh6
O-O 9. h4 d5 10. exd5 exd5 11. Bb3 Bxh6 12. Qxh6 Nf5 13. Qd2 Re8+ 14. Kd1 Be6
15. h5 c4 16. g4 cxb3 17. gxf5 bxc2+ 18. Kxc2 Bxf5 19. hxg6 Bxg6 20. a3 d4 21.
Ne4 Rxe4 22. dxe4 Bxe4+ 23. Kb3 Qd5+ 24. Ka4 b5# 0-1

[Event "Championship Saratov region 2014"]
[Site "Saratov"]
[Date "2014.12.11"]
[Round "6.16"]
[White "Davydov, Artem"]
[Black "Gitelson, Arkady"]
[Result "0-1"]
[WhiteElo "1713"]
[BlackElo "1854"]
[PlyCount "60"]
[EventDate "2014.12.06"]

1. c4 e6 2. Nc3 d5 3. cxd5 exd5 4. d4 Nf6 5. Bg5 c6 6. e3 Be7 7. Nf3 Nbd7 8.
Bd3 O-O 9. O-O Re8 10. Rb1 a5 11. Qc2 h6 12. Bh4 Ne4 13. Bxe7 Qxe7 14. a3 f5
15. b4 g5 16. Na4 axb4 17. axb4 g4 18. Ne1 Ndf6 19. Nc5 h5 20. b5 h4 21. Bxe4
fxe4 22. bxc6 bxc6 23. Rb6 Qc7 24. Qb3 h3 25. g3 Nd7 26. Nxd7 Qxd7 27. Nc2 Ba6
28. Rc1 Rf8 29. Nb4 Qf5 30. Qc2 Qf3 0-1

[Event "Championship Saratov region 2014"]
[Site "Saratov"]
[Date "2014.12.11"]
[Round "6.17"]
[White "Dmitrieva, Galina"]
[Black "Tyapkin, Petr"]
[Result "0-1"]
[WhiteElo "1544"]
[BlackElo "1750"]
[PlyCount "86"]
[EventDate "2014.12.06"]

1. d4 Nf6 2. Nc3 d5 3. Nf3 e6 4. Bg5 Be7 5. e3 O-O 6. Bd3 h6 7. Bh4 b6 8. Qe2
c5 9. e4 c4 10. exd5 cxd3 11. Qxd3 exd5 12. h3 Bb7 13. O-O-O Ne4 14. Bg3 Nxg3
15. fxg3 Nd7 16. h4 Qc7 17. Rh3 Nf6 18. Ne5 Ne4 19. Nxe4 dxe4 20. Qe3 Rac8 21.
Rd2 Bd6 22. g4 Bxe5 23. dxe5 Qxe5 24. g5 Qe6 25. Kb1 h5 26. Rh1 Qg4 27. Rh3
Rcd8 28. Kc1 Qf5 29. Rf2 Qd5 30. b3 Qe5 31. c3 Rd3 32. Qe1 Rxh3 33. gxh3 Rc8
34. Rc2 Ba6 35. Kb2 Bd3 36. Rg2 g6 37. Qd2 b5 38. a3 a5 39. b4 a4 40. Rg1 Qd5
41. Qd1 Qc4 42. Qe1 Qb3+ 43. Ka1 Qxa3# 0-1

[Event "Championship Saratov region 2014"]
[Site "Saratov"]
[Date "2014.12.11"]
[Round "6.18"]
[White "Brineva, Elena G"]
[Black "Golbraikh, Leonid"]
[Result "0-1"]
[WhiteElo "1910"]
[BlackElo "1576"]
[PlyCount "44"]
[EventDate "2014.12.06"]

1. c4 e6 2. g3 d5 3. cxd5 exd5 4. d4 Nf6 5. Bg2 Be7 6. Nc3 Nc6 7. Nf3 O-O 8.
O-O Bf5 9. Nh4 Be6 10. f4 Ne8 11. f5 Bd7 12. Nxd5 Bf6 13. Nxf6+ Qxf6 14. d5 Ne7
15. e4 c6 16. dxc6 Bxc6 17. Rf2 Bb5 18. Qb3 Ba6 19. Bf1 Nc6 20. Nf3 Na5 21. Qa4
Nc6 22. b4 Qxa1 0-1

[Event "Championship Saratov region 2014"]
[Site "Saratov"]
[Date "2014.12.12"]
[Round "7.1"]
[White "Kruzhilin, Aleksey"]
[Black "Biryukov, Dmitriy"]
[Result "1/2-1/2"]
[WhiteElo "2059"]
[BlackElo "2278"]
[PlyCount "128"]
[EventDate "2014.12.06"]

1. d4 d6 2. c4 g6 3. Nc3 Bg7 4. e4 Nf6 5. Nf3 O-O 6. h3 e5 7. d5 Nh5 8. g3 Nd7
9. Be2 a5 10. Nh2 Nhf6 11. Ng4 Nc5 12. Nxf6+ Bxf6 13. Be3 Bg5 14. Bxc5 dxc5 15.
h4 Bh6 16. h5 Kg7 17. Qd3 f5 18. hxg6 hxg6 19. Bf3 Qf6 20. Ke2 Bd7 21. Rh2 Qd6
22. Rah1 Rh8 23. Nd1 Bg5 24. Rxh8 Rxh8 25. Rxh8 Kxh8 26. Ne3 Bxe3 27. Qxe3 Kg7
28. Qg5 Qf6 29. Qxf6+ Kxf6 30. Ke3 Kg5 31. exf5 gxf5 32. Be2 Be8 33. f4+ exf4+
34. gxf4+ Kh4 35. Bd3 Kg4 36. Be2+ Kg3 37. Bd3 Bd7 38. b3 Kh4 39. Be2 Be8 40.
Bd3 Bg6 41. a3 Kh5 42. Be2+ Kh6 43. Bd3 Kg7 44. Kd2 Kf6 45. Be2 Be8 46. Kc3 Ke7
47. Bd3 Bd7 48. Bc2 Kd6 49. Bd3 b6 50. Kd2 Ke7 51. Ke3 Kf6 52. Bc2 Be8 53. Bd1
c6 54. dxc6 Bxc6 55. Bc2 Be8 56. Bd1 Bf7 57. Be2 Be6 58. Bd3 Bd7 59. a4 Kg6 60.
Be2 Bc6 61. Bd3 Bg2 62. Bc2 Bh3 63. Bd1 Bg2 64. Bf3 Bxf3 1/2-1/2

[Event "Championship Saratov region 2014"]
[Site "Saratov"]
[Date "2014.12.12"]
[Round "7.2"]
[White "Sanzhaev, Darsen"]
[Black "Petukhov, Dmitry"]
[Result "1-0"]
[WhiteElo "2344"]
[BlackElo "2359"]
[PlyCount "137"]
[EventDate "2014.12.06"]

1. d4 Nf6 2. c4 g6 3. Nc3 d5 4. cxd5 Nxd5 5. e4 Nxc3 6. bxc3 Bg7 7. Be3 O-O 8.
Qd2 c5 9. Nf3 Qa5 10. Rc1 Nd7 11. d5 Nf6 12. e5 Ne4 13. Qc2 f5 14. Bd3 Rd8 15.
O-O Rxd5 16. Bc4 e6 17. Bxd5 exd5 18. Rfd1 Be6 19. Ng5 Nxg5 20. Bxg5 h6 21. Be7
Qc7 22. Bd6 Qc6 23. Qb3 b6 24. a4 Re8 25. f4 g5 26. Qb5 Bd7 27. Qxc6 Bxc6 28.
g3 gxf4 29. gxf4 h5 30. Kf2 Kf7 31. Ra1 Re6 32. a5 Rxd6 33. exd6 Bxc3 34. Ra3
Bf6 35. axb6 axb6 36. Re1 Bh4+ 37. Rg3 d4 38. Re5 Kf6 39. Re7 c4 40. Ke2 Bxg3
41. hxg3 c3 42. Re5 c2 43. Kd2 d3 44. Kc1 b5 45. Rc5 Be4 46. Rxb5 Ke6 47. Rb6
Kd7 48. Kd2 Bc6 49. Rb4 Kxd6 50. Rd4+ Ke6 51. Rxd3 Be4 52. Rd8 Kf6 53. Rg8 Ke6
54. Rh8 Kd5 55. Rxh5 Kd4 56. Rg5 Bd3 57. Rg8 Be4 58. Rd8+ Kc4 59. Rc8+ Kd4 60.
Rc3 Kd5 61. Ke3 Bg2 62. Rxc2 Bh3 63. Rd2+ Kc5 64. Rh2 Bg4 65. Kd3 Bf3 66. Ra2
Be4+ 67. Ke3 Bb1 68. Rb2 Be4 69. g4 1-0

[Event "Championship Saratov region 2014"]
[Site "Saratov"]
[Date "2014.12.12"]
[Round "7.3"]
[White "Gluhenkii, Dmitry"]
[Black "Shlegin, Stanislav"]
[Result "0-1"]
[WhiteElo "2141"]
[BlackElo "2336"]
[PlyCount "68"]
[EventDate "2014.12.06"]

1. e4 d6 2. Nf3 Nf6 3. e5 dxe5 4. Nxe5 Nbd7 5. Nf3 e5 6. Nc3 Bc5 7. Bc4 O-O 8.
d3 c6 9. Qe2 h6 10. h3 Re8 11. Bd2 b5 12. Bb3 Bd4 13. O-O-O a5 14. a3 Nc5 15.
Ba2 b4 16. Ne4 Nfxe4 17. dxe4 bxa3 18. Bc3 axb2+ 19. Kb1 Ba6 20. Bc4 Bxc4 21.
Qxc4 Nxe4 22. Bxd4 exd4 23. Rxd4 Qe7 24. Ka2 Rab8 25. Rb1 c5 26. Rd3 Rb4 27.
Qd5 c4 28. Re3 c3 29. Qc6 f5 30. Rxc3 Nxc3+ 31. Qxc3 Reb8 32. Qc6 Qf7+ 33. Ka3
Rb3+ 34. Ka4 R8b4+ 0-1

[Event "Championship Saratov region 2014"]
[Site "Saratov"]
[Date "2014.12.12"]
[Round "7.4"]
[White "Karpenko, Artem"]
[Black "Kvitka, Roman"]
[Result "1-0"]
[WhiteElo "2165"]
[BlackElo "2140"]
[PlyCount "91"]
[EventDate "2014.12.06"]

1. e4 c5 2. Nf3 e6 3. d4 cxd4 4. Nxd4 a6 5. Bd3 Qc7 6. O-O Nf6 7. Qe2 d6 8. c4
Nbd7 9. Nc3 Be7 10. Bd2 O-O 11. f4 b6 12. Kh1 Bb7 13. Rae1 Rfd8 14. Nf3 Nf8 15.
Be3 Rac8 16. Bd4 Ng6 17. Nd2 Nd7 18. Be3 Bh4 19. Rc1 Bf6 20. b4 Qb8 21. Ncb1
Re8 22. Qf2 Bh4 23. Qf3 Qa8 24. Qh3 Bf6 25. Rce1 a5 26. b5 Nc5 27. Bxc5 Rxc5
28. Nb3 Rcc8 29. a4 Qb8 30. N1d2 Bc3 31. Re2 e5 32. fxe5 dxe5 33. Qf3 Nf4 34.
Re3 Qc7 35. Bc2 Bb4 36. Qf2 Red8 37. Nf3 Ne6 38. Bb1 f6 39. Nh4 Nc5 40. Nc1 Rd2
41. Qg3 Rcd8 42. Nd3 Nxe4 43. Qg4 Nc3 44. Nxb4 axb4 45. Qe6+ Kf8 46. Bxh7 1-0

[Event "Championship Saratov region 2014"]
[Site "Saratov"]
[Date "2014.12.12"]
[Round "7.5"]
[White "Dmitriev, Igor"]
[Black "Zhdanov, Petr"]
[Result "1-0"]
[WhiteElo "2279"]
[BlackElo "2060"]
[PlyCount "61"]
[EventDate "2014.12.06"]

1. e4 e5 2. Bb5 Nf6 3. Qe2 Nc6 4. Bxc6 dxc6 5. d3 Bg4 6. f3 Be6 7. Be3 Bb4+ 8.
Nd2 Qe7 9. Qf2 a6 10. Ne2 O-O-O 11. a3 Bxd2+ 12. Bxd2 Kb8 13. Bb4 Qd7 14. Qg3
c5 15. Bc3 c4 16. O-O-O cxd3 17. Rxd3 Qc6 18. Qxg7 Bc4 19. Rxd8+ Rxd8 20. Ng3
Qb6 21. Qg5 Re8 22. Bxe5 Nd7 23. Bc3 Qc6 24. Rd1 f6 25. Qe3 Nb6 26. Bd4 Nc8 27.
b3 Bf7 28. Qc3 Qe6 29. Nf5 Rg8 30. Bxf6 Rxg2 31. Be5 1-0

[Event "Championship Saratov region 2014"]
[Site "Saratov"]
[Date "2014.12.12"]
[Round "7.6"]
[White "Khatkevich, Alexandr"]
[Black "Lysenkov, Alexandr"]
[Result "1/2-1/2"]
[WhiteElo "2049"]
[BlackElo "2113"]
[PlyCount "84"]
[EventDate "2014.12.06"]

1. e4 c6 2. d4 d5 3. exd5 cxd5 4. c4 Nf6 5. Nc3 Nc6 6. cxd5 Nxd5 7. Bc4 e6 8.
Nge2 Nxc3 9. bxc3 Be7 10. O-O O-O 11. f4 Bd7 12. Ng3 Rc8 13. Bd3 Qa5 14. Bd2
Rfd8 15. a4 Qd5 16. Qb1 f5 17. Qb5 Qd6 18. Qb3 g6 19. a5 Bf6 20. Kh1 Rc7 21.
Rfe1 Kh8 22. Nf1 Bc8 23. Bc4 Re8 24. Ne3 Ne7 25. Bb5 Rd8 26. Qb2 Bd7 27. Nc4
Qd5 28. Bxd7 Rdxd7 29. Ne5 Bxe5 30. Rxe5 Qc4 31. Rae1 Rc6 32. Qa3 Kg8 33. h3
Kf7 34. R5e3 Nd5 35. Re5 Nf6 36. Qc1 Ne4 37. R1xe4 fxe4 38. Qe1 Qd3 39. Rxe4
Rd5 40. Re5 Rb5 41. Qh4 h5 42. Qd8 Rxe5 1/2-1/2

[Event "Championship Saratov region 2014"]
[Site "Saratov"]
[Date "2014.12.12"]
[Round "7.8"]
[White "Guliev, Gasan"]
[Black "Aseeva, Anastasia"]
[Result "1-0"]
[WhiteElo "2064"]
[BlackElo "1983"]
[PlyCount "111"]
[EventDate "2014.12.06"]

1. e4 c5 2. Nf3 d6 3. Bb5+ Bd7 4. Bxd7+ Qxd7 5. c4 Nc6 6. d4 cxd4 7. Nxd4 g6 8.
f3 Bg7 9. Be3 Nf6 10. O-O O-O 11. Nc3 Rfd8 12. Qd2 Rac8 13. b3 a6 14. Na4 Qc7
15. Nxc6 Qxc6 16. Nb6 Rb8 17. Nd5 Re8 18. Rac1 Nd7 19. Bg5 Qc5+ 20. Kh1 Bf8 21.
Be3 Qc6 22. Rfd1 Bg7 23. Nb4 Qc7 24. Nd5 Qc6 25. Bg5 Bf8 26. Rc3 Nc5 27. Bh6
Ne6 28. Bxf8 Nxf8 29. Qg5 Qd7 30. f4 f6 31. Qh4 Kg7 32. Rh3 f5 33. Re1 h5 34.
exf5 Qxf5 35. Rxe7+ Rxe7 36. Qxe7+ Kh6 37. Re3 Nd7 38. h4 Rf8 39. Qg5+ Qxg5 40.
hxg5+ Kg7 41. Re6 Nc5 42. Rxd6 Ne4 43. Re6 Ng3+ 44. Kg1 h4 45. Kf2 Rf7 46. Nf6
b5 47. c5 a5 48. Rb6 b4 49. c6 Nf5 50. Rb7 Nd6 51. c7 Nc8 52. Ne8+ Kf8 53. Rb8
Kxe8 54. Rxc8+ Ke7 55. Ra8 Rxf4+ 56. Ke3 1-0

[Event "Championship Saratov region 2014"]
[Site "Saratov"]
[Date "2014.12.12"]
[Round "7.10"]
[White "Stepanov, Nikolay"]
[Black "Efimov, Ivan"]
[Result "0-1"]
[WhiteElo "1602"]
[BlackElo "2157"]
[PlyCount "34"]
[EventDate "2014.12.06"]

1. d4 Nf6 2. c4 e6 3. Nc3 Bb4 4. g3 c5 5. dxc5 Bxc3+ 6. bxc3 Qa5 7. Qc2 Qxc5 8.
Bg2 Qxc4 9. Ba3 Nc6 10. Nh3 d5 11. O-O Nd4 12. Qd2 Qxc3 13. Qg5 Rg8 14. Bd6 h6
15. Qh4 g5 16. Qxh6 Nf5 17. Bb4 Qxa1 0-1

[Event "Championship Saratov region 2014"]
[Site "Saratov"]
[Date "2014.12.12"]
[Round "7.11"]
[White "Kavyev, Ruslan"]
[Black "Brekhov, Denis"]
[Result "1/2-1/2"]
[WhiteElo "1854"]
[BlackElo "1949"]
[PlyCount "56"]
[EventDate "2014.12.06"]

1. e4 c5 2. Nf3 d6 3. d4 cxd4 4. Nxd4 Nf6 5. Nc3 g6 6. Be3 Bg7 7. f3 O-O 8. Qd2
Nc6 9. O-O-O d5 10. Kb1 Nxd4 11. e5 Nxf3 12. gxf3 Nh5 13. Nxd5 Be6 14. f4 Bxd5
15. Qxd5 Qxd5 16. Rxd5 Rfd8 17. Rxd8+ Rxd8 18. Be2 a6 19. Rg1 Kf8 20. c3 f6 21.
f5 fxe5 22. fxg6 hxg6 23. Rxg6 Nf4 24. Bxf4 exf4 25. Kc2 Rd6 26. Rxd6 exd6 27.
Kd3 Ke7 28. Ke4 Be5 1/2-1/2

[Event "Championship Saratov region 2014"]
[Site "Saratov"]
[Date "2014.12.12"]
[Round "7.12"]
[White "Golbraikh, Leonid"]
[Black "Raisov, Idris"]
[Result "0-1"]
[WhiteElo "1576"]
[BlackElo "2049"]
[PlyCount "86"]
[EventDate "2014.12.06"]

1. e4 e5 2. Nf3 Nc6 3. Bc4 Be7 4. O-O Nf6 5. d3 O-O 6. Re1 d6 7. a4 Na5 8. Ba2
c5 9. Nbd2 Nc6 10. Nf1 Bg4 11. c3 Qd7 12. Ng3 Kh8 13. h3 Be6 14. Bxe6 fxe6 15.
d4 exd4 16. cxd4 d5 17. e5 Ng8 18. Be3 c4 19. Nh2 Nb4 20. Rf1 Bh4 21. Nh5 Qf7
22. Nf4 Nh6 23. Nf3 Be7 24. Ne2 Qg6 25. Nf4 Qf7 26. Ne2 Nf5 27. Ng5 Qg6 28. Nf3
Nxe3 29. fxe3 Qe4 30. Qd2 Nc2 31. Kh1 Nxe3 32. Rg1 Rxf3 33. gxf3 Qxf3+ 34. Kh2
Qf2+ 35. Kh1 Bh4 36. a5 Rf8 37. Qb4 Qf3+ 38. Kh2 Qxe2+ 39. Kh1 Qf3+ 40. Kh2
Qf4+ 41. Kh1 Qe4+ 42. Kh2 Rf2+ 43. Rg2 Qxg2# 0-1

[Event "Championship Saratov region 2014"]
[Site "Saratov"]
[Date "2014.12.12"]
[Round "7.13"]
[White "Upolovnev, Vladimir"]
[Black "Tyapkin, Petr"]
[Result "1/2-1/2"]
[WhiteElo "1909"]
[BlackElo "1750"]
[PlyCount "80"]
[EventDate "2014.12.06"]

1. Nc3 c5 2. Nf3 Nc6 3. e3 d5 4. d4 Bg4 5. Be2 e6 6. h3 Bxf3 7. Bxf3 cxd4 8.
exd4 Be7 9. O-O Bf6 10. Ne2 Nge7 11. c3 Ng6 12. g3 O-O 13. Bg2 b5 14. f4 Nge7
15. Be3 b4 16. g4 g6 17. cxb4 Nxb4 18. a3 Nbc6 19. b4 Bg7 20. Rc1 Qd7 21. Qd3
f5 22. Rc5 Rfc8 23. Rfc1 Nd8 24. Ng3 Nb7 25. Rxc8+ Rxc8 26. Rxc8+ Nxc8 27. gxf5
gxf5 28. Qa6 Nbd6 29. Bf1 Nb6 30. Bf2 Ne4 31. Nxe4 dxe4 32. Qb5 Bxd4 33. Qxd7
Bxf2+ 34. Kxf2 Nxd7 35. Ke3 Kf7 36. Kd4 Ke7 37. a4 Kd6 38. a5 Nf6 39. b5 Nd5
40. a6 Nb6 1/2-1/2

[Event "Championship Saratov region 2014"]
[Site "Saratov"]
[Date "2014.12.12"]
[Round "7.14"]
[White "Gitelson, Arkady"]
[Black "Tatarinov, Andrey"]
[Result "1-0"]
[WhiteElo "1854"]
[BlackElo "1625"]
[PlyCount "61"]
[EventDate "2014.12.06"]

1. Nf3 d5 2. d4 Nf6 3. g3 Bf5 4. Bg2 e6 5. O-O Bd6 6. c4 c6 7. Qb3 Qc8 8. Nc3
Nbd7 9. Bd2 O-O 10. Rac1 Bc7 11. Rfe1 Nb6 12. cxd5 exd5 13. Nh4 Nc4 14. Bg5 Bb6
15. e4 Bxe4 16. Nxe4 Nxe4 17. Bxe4 Na5 18. Bxh7+ Kxh7 19. Qf3 Bd8 20. Be7 Bxe7
21. Rxe7 Nc4 22. Rxf7 Rxf7 23. Qxf7 Qe8 24. Qf5+ g6 25. Qf6 Nd2 26. Qf4 Ne4 27.
f3 Nd6 28. Qxd6 Qe3+ 29. Kg2 Qxc1 30. Qxg6+ Kh8 31. Nf5 1-0

[Event "Championship Saratov region 2014"]
[Site "Saratov"]
[Date "2014.12.12"]
[Round "7.15"]
[White "Vdovin, Sergey"]
[Black "Gagarkine, Nikolay"]
[Result "1/2-1/2"]
[WhiteElo "1792"]
[BlackElo "1838"]
[PlyCount "229"]
[EventDate "2014.12.06"]

1. d4 d5 2. Nc3 Bf5 3. Bf4 c6 4. f3 Qb6 5. Rb1 Nf6 6. g4 Bc8 7. e3 e6 8. Bd3
Bb4 9. Nge2 h6 10. h4 Nbd7 11. a3 Be7 12. Kf2 Qd8 13. Ng3 Nf8 14. Be5 Bd6 15.
g5 Bxe5 16. dxe5 N6d7 17. f4 Qe7 18. Nh5 f5 19. Ng3 b6 20. Qe2 Bb7 21. Ba6
O-O-O 22. b4 Nb8 23. Bxb7+ Kxb7 24. Na4 hxg5 25. hxg5 Rxh1 26. Rxh1 d4 27. Rb1
Ng6 28. Nb2 dxe3+ 29. Qxe3 Rh8 30. Rh1 Rxh1 31. Nxh1 Qd8 32. Qd3 Qh8 33. Qf3
Qh2+ 34. Ke3 Qxc2 35. Nd3 Ne7 36. Qe2 Nd5+ 37. Kf3 Qc3 38. g6 Qxa3 39. Qd2 Nd7
40. Ng3 c5 41. Kf2 c4 42. Nxf5 cxd3 43. Nxg7 Nf8 44. Nxe6 Nxg6 45. Kf3 Nge7 46.
Nd4 Nxb4 47. f5 Ned5 48. f6 Nc2 49. Ne6 Nc7 50. Ng7 Qc5 51. Qf4 Nd4+ 52. Kg4 d2
53. Qxd2 Qxe5 54. Qf4 Qe2+ 55. Kg3 Nce6 56. Nxe6 Nxe6 57. Qf5 Qe1+ 58. Kg4 Qd1+
59. Kh4 Qd6 60. Kh5 Nd8 61. Qe4+ Kc7 62. Kg6 a5 63. Qc4+ Kb7 64. Qe4+ Ka6 65.
Qe7 Qd3+ 66. Kg7 a4 67. Qb4 Qb3 68. Qe7 Ne6+ 69. Kg8 Ng5+ 70. Kf8 a3 71. Qd7
Qb4+ 72. Kg7 Qc5 73. Qe8 Ka5 74. Qe1+ Ka6 75. Qe8 b5 76. Kg6 Ka5 77. Qe1+ b4
78. Qd2 Ne6 79. f7 Nf8+ 80. Kg7 Ka4 81. Qd3 Ka5 82. Qd8+ Ka4 83. Qxf8 Qe5+ 84.
Kg6 Qg3+ 85. Kf6 Qf2+ 86. Kg7 Qg1+ 87. Kh8 Qh2+ 88. Kg8 Qg3+ 89. Kh7 Qd3+ 90.
Kg8 Qd5 91. Qg7 a2 92. Qb2 b3 93. Kg7 Qg5+ 94. Kh8 Qh6+ 95. Kg8 Qg6+ 96. Kh8
Qh5+ 97. Kg8 Qg4+ 98. Kh8 Qh4+ 99. Kg7 Qe7 100. Kg8 Qe6 101. Kg7 Qd7 102. Kg8
Qd5 103. Kg7 Qg5+ 104. Kh8 Qh4+ 105. Kg8 Qc4 106. Kg7 Qc7 107. Kg8 Qg3+ 108.
Kh8 Qh4+ 109. Kg8 Qc4 110. Kh8 Qxf7 111. Qxa2+ Kb4 112. Qa5+ Kc4 113. Qc3+ Kb5
114. Qc5+ Ka6 115. Qb6+ 1/2-1/2

[Event "Championship Saratov region 2014"]
[Site "Saratov"]
[Date "2014.12.12"]
[Round "7.17"]
[White "Brineva, Elena G"]
[Black "Machkalyan, Karen"]
[Result "0-1"]
[WhiteElo "1910"]
[BlackElo "1769"]
[PlyCount "82"]
[EventDate "2014.12.06"]

1. c4 Nf6 2. Nc3 g6 3. g3 Bg7 4. Bg2 c5 5. d3 O-O 6. e4 Nc6 7. Nge2 d6 8. O-O
Rb8 9. f4 Bd7 10. h3 Qc8 11. Kh2 a6 12. a4 e6 13. Bd2 Ne8 14. Qe1 Nb4 15. Qb1
b5 16. axb5 axb5 17. Nxb5 Bxb5 18. cxb5 Rxb5 19. Bc3 Nc6 20. Bxg7 Nxg7 21. Rd1
Qb7 22. Rd2 Rb8 23. Ra2 Rb3 24. Nc1 Rb4 25. Ne2 Ne8 26. Nc3 Nd4 27. Na4 Qb5 28.
Nc3 Qb7 29. Na4 Nb3 30. Rd1 Nc7 31. Qc2 Ra8 32. e5 Nd5 33. Nc3 Rxa2 34. Nxa2
Nd4 35. Qc1 Rxb2 36. Rd2 Rxd2 37. Qxd2 dxe5 38. fxe5 Qb8 39. Qg5 Qb2 40. Qd8+
Kg7 41. Kg1 Qb1+ 0-1

[Event "Championship Saratov region 2014"]
[Site "Saratov"]
[Date "2014.12.12"]
[Round "7.18"]
[White "Dmitrieva, Galina"]
[Black "Davydov, Artem"]
[Result "0-1"]
[WhiteElo "1544"]
[BlackElo "1713"]
[PlyCount "48"]
[EventDate "2014.12.06"]

1. d4 Nf6 2. c4 g6 3. Nc3 Bg7 4. e4 d6 5. Be3 O-O 6. f3 e5 7. d5 Nbd7 8. Qd2
Ne8 9. Nge2 c5 10. dxc6 bxc6 11. h4 Ndf6 12. g4 Be6 13. Ng3 Nc7 14. h5 d5 15.
cxd5 cxd5 16. Bh6 dxe4 17. Qg5 exf3 18. Bxg7 Kxg7 19. hxg6 fxg6 20. Qxe5 Re8
21. g5 Bg4 22. gxf6+ Qxf6 23. Qxe8 Rxe8+ 24. Kf2 Qd4# 0-1

[Event "Championship Saratov region 2014"]
[Site "Saratov"]
[Date "2014.12.13"]
[Round "8.1"]
[White "Biryukov, Dmitriy"]
[Black "Sanzhaev, Darsen"]
[Result "1/2-1/2"]
[WhiteElo "2278"]
[BlackElo "2344"]
[PlyCount "54"]
[EventDate "2014.12.06"]

1. e4 c5 2. Nf3 e6 3. d4 cxd4 4. Nxd4 Nc6 5. Nc3 Qc7 6. Be3 a6 7. f4 Nxd4 8.
Qxd4 b5 9. O-O-O Bb7 10. Rd2 Rc8 11. Bxb5 axb5 12. Nxb5 Qd8 13. Qa7 Bc6 14. Bb6
Bxb5 15. Bxd8 Rxd8 16. Rhd1 Nf6 17. Qb6 Bc4 18. Rd4 Be2 19. R1d2 Bh5 20. c4 Bg6
21. e5 Ne4 22. Rxd7 Rxd7 23. Qb8+ Ke7 24. Rxd7+ Kxd7 25. Qb7+ Ke8 26. Qc8+ Ke7
27. Qc7+ Ke8 1/2-1/2

[Event "Championship Saratov region 2014"]
[Site "Saratov"]
[Date "2014.12.13"]
[Round "8.2"]
[White "Shlegin, Stanislav"]
[Black "Kruzhilin, Aleksey"]
[Result "1/2-1/2"]
[WhiteElo "2336"]
[BlackElo "2059"]
[PlyCount "122"]
[EventDate "2014.12.06"]

1. e4 e5 2. Nf3 Nc6 3. Be2 Nf6 4. d3 d5 5. Nbd2 Bc5 6. c3 Bb6 7. O-O O-O 8. b4
a6 9. a4 Bg4 10. Ba3 Re8 11. h3 Bh5 12. Qc2 Bg6 13. Rfe1 Qd7 14. Nh4 Bh5 15.
Bxh5 Nxh5 16. Nf5 Nf4 17. Nf3 g6 18. Ne3 Bxe3 19. Rxe3 dxe4 20. dxe4 b5 21.
Ree1 Rad8 22. Rad1 Qe6 23. axb5 axb5 24. Bc1 Qc4 25. Bxf4 exf4 26. Rc1 Ne5 27.
Nxe5 Rxe5 28. f3 c5 29. Red1 Ra8 30. Qd2 Rae8 31. Kh1 g5 32. Qd6 R8e6 33. Qb8+
Re8 34. Rd8 Rxd8 35. Qxe5 h6 36. Qf6 Rd2 37. Ra1 Kh7 38. Qf5+ Kg7 39. Qe5+ Kh7
40. Qxc5 Qxc5 41. bxc5 Rc2 42. Ra3 Rc1+ 43. Kh2 Rd1 44. h4 Rd3 45. c6 Rd8 46.
hxg5 hxg5 47. Ra6 Rc8 48. Kh3 f6 49. g3 fxg3 50. Kxg3 Kg6 51. Rb6 Rc7 52. Kf2
Kh5 53. Ke3 Kh4 54. f4 g4 55. Kf2 g3+ 56. Kf3 g2 57. Kxg2 Kg4 58. Rxb5 Rxc6 59.
Rf5 Rxc3 60. Rxf6 Rc2+ 61. Kg1 Kg3 1/2-1/2